My life and work, (Record no. 552917)

000 -LEADER
fixed length control field 00467cam a2200157u 4500
082 ## - DEWEY DECIMAL CLASSIFICATION NUMBER
Classification number 650.092
Author Mark FOR
100 1# - MAIN ENTRY--PERSONAL NAME
Personal name Ford, Henry,
9 (RLIN) 50192
245 10 - TITLE STATEMENT
Title My life and work,
260 ## - PUBLICATION, DISTRIBUTION, ETC.
Place of publication, distribution, etc. Garden City, N.Y.,
Name of publisher, distributor, etc. Doubleday, Page & company,
Date of publication, distribution, etc. 1922.
300 ## - PHYSICAL DESCRIPTION
Extent 4 p.l., 289 p.
Dimensions 25 cm.
526 ## - STUDY PROGRAM INFORMATION NOTE
Program name 0
Interest level 0
Reading level 0
Title point value 650_092000000000000_FOR
650 ## - SUBJECT ADDED ENTRY--TOPICAL TERM
Topical term or geographic name entry element MCE
9 (RLIN) 379
700 1# - ADDED ENTRY--PERSONAL NAME
Personal name Crowther, Samuel,
9 (RLIN) 50193
856 41 - ELECTRONIC LOCATION AND ACCESS
Uniform Resource Identifier <a href="http://hdl.loc.gov/loc.gdc/scd0001.00176639660">http://hdl.loc.gov/loc.gdc/scd0001.00176639660</a>
942 ## - ADDED ENTRY ELEMENTS (KOHA)
Source of classification or shelving scheme
Koha item type Book
Holdings
Withdrawn status Lost status Source of classification or shelving scheme Damaged status Not for loan Permanent Location Current Location Shelving location Date acquired Total Checkouts Full call number Barcode Date last seen Price effective from Koha item type
          Military College of Engineering (MCE) Military College of Engineering (MCE)   01/27/2015   650.092 FOR MCE-ECM/130 01/27/2015 01/27/2015 Book
© 2023 Central Library, National University of Sciences and Technology. All Rights Reserved.